000
00333 a2200157 4500
001
150096
040
_c
Escola São Tomás de Aquino
100
_a
IACOCCA, Michele
240
1
0
_a
Caça ao tesouro
_l
por
245
1
0
_a
Caça ao tesouro
300
_a
48
362
0
_a
2000
440
1
_a
Ática
697
_a
CIÊNCIAS
942
_c
BK
999
_c
150096
_d
150096